[Event "45th Olympiad 2024"]
[Site "Budapest HUN"]
[Date "2024.09.15"]
[Round "5.8"]
[Board "1"]
[White "Abdusattorov, Nodirbek"]
[Black "Schitco, Ivan"]
[Result "1-0"]
[WhiteTitle "GM"]
[BlackTitle "GM"]
[WhiteElo "2766"]
[BlackElo "2527"]
[WhiteTeam "Uzbekistan"]
[BlackTeam "Moldova"]
[WhiteFideId "14204118"]
[BlackFideId "13905465"]
[EventDate "2024.09.11"]

1. d4 d5 2. Nf3 Nf6 3. Bf4 c5 4. e3 Nc6 5. Nbd2 Bg4 6. c3 e6 7. Qb3 Qb6 8. h3
Bf5 9. g4 Bg6 10. Nh4 Nd7 11. Nxg6 hxg6 12. h4 Be7 13. Nf3 Rc8 14. g5 cxd4 15.
exd4 Na5 16. Qxb6 Nxb6 17. Bd3 Nac4 18. b3 Bd6 19. Bc1 Na5 20. Ke2 Nd7 21. Bd2
a6 22. h5 gxh5 23. g6 f6 24. Rh3 Nf8 25. Rah1 Nc6 26. Rxh5 Rxh5 27. Rxh5 Ne7 28.
Nh4 f5 29. Rg5 Nd7 30. Rg1 Nf6 31. c4 Kd7 32. Nf3 Rh8 33. c5 Bc7 34. b4 Ne4 35.
b5 axb5 36. Bxb5+ Nc6 37. a4 Nxd2 38. Kxd2 Bf4+ 39. Ke2 Kc7 40. Bxc6 bxc6 41. a5
Rb8 42. Ra1 Kb7 43. Rb1+ Kc7 44. Rxb8 Kxb8 45. Ne1 Kb7 46. Nd3 Bg5 47. Nb4 Bf6
48. a6+ Kc7 49. a7 Kb7 50. Nxc6 Ka8 51. Kd3 Kb7 52. f3 Ka8 53. Kc3 Kb7 54. Kb4
Ka8 55. Kb5 Kb7 56. a8=Q+ Kxa8 57. Kb6 f4 58. Kc7 1-0

[Event "45th Olympiad 2024"]
[Site "Budapest HUN"]
[Date "2024.09.15"]
[Round "5.8"]
[Board "2"]
[White "Lashkin, Jegor"]
[Black "Yakubboev, Nodirbek"]
[Result "1/2-1/2"]
[WhiteTitle "FM"]
[BlackTitle "GM"]
[WhiteElo "2472"]
[BlackElo "2666"]
[WhiteTeam "Moldova"]
[BlackTeam "Uzbekistan"]
[WhiteFideId "13907808"]
[BlackFideId "14203987"]
[EventDate "2024.09.11"]

1. d4 Nf6 2. c4 e6 3. Nf3 d5 4. Nc3 c6 5. e3 Nbd7 6. Be2 Bd6 7. O-O O-O 8. b3 b6
9. Bb2 Bb7 10. Qc2 Rc8 11. Rad1 c5 12. dxc5 Nxc5 13. cxd5 Nce4 14. dxe6 Nxc3 15.
Bxc3 Ne4 16. Bc4 b5 17. exf7+ Kh8 18. Nd4 Nxc3 19. Ne6 Bxh2+ 20. Kxh2 Qh4+ 21.
Kg1 Nxd1 22. Nxf8 bxc4 23. Ne6 Bxg2 24. Kxg2 Qg4+ 25. Kh2 Qh4+ 26. Kg2 Qg4+ 27.
Kh2 Qh4+ 28. Kg2 Qg4+ 29. Kh2 Qh4+ 30. Kg2 Qg4+ 31. Kh2 1/2-1/2

[Event "45th Olympiad 2024"]
[Site "Budapest HUN"]
[Date "2024.09.15"]
[Round "5.8"]
[Board "3"]
[White "Sindarov, Javokhir"]
[Black "Bologan, Victor"]
[Result "1-0"]
[WhiteTitle "GM"]
[BlackTitle "GM"]
[WhiteElo "2677"]
[BlackElo "2598"]
[WhiteTeam "Uzbekistan"]
[BlackTeam "Moldova"]
[WhiteFideId "14205483"]
[BlackFideId "13900048"]
[EventDate "2024.09.11"]

1. e4 e5 2. Nf3 Nc6 3. Bc4 d6 4. d4 Nf6 5. d5 Ne7 6. Bd3 g6 7. c4 Bg7 8. Nc3 O-O
9. h3 a5 10. Be3 Nd7 11. g4 Nc5 12. Bc2 b6 13. Rg1 Ba6 14. Nd2 c6 15. a4 Kh8 16.
h4 cxd5 17. cxd5 Qd7 18. g5 f6 19. Ra3 Rac8 20. Nb3 Ng8 21. Nxc5 bxc5 22. Bd3 c4
23. Bc2 Rb8 24. Bc1 Qf7 25. Rg2 h5 26. Kf1 fxg5 27. hxg5 Ne7 28. Kg1 Kg8 29. Ne2
Bc8 30. Qe1 Rb4 31. Nc3 Bh3 32. Nb5 Rxb5 33. axb5 Bxg2 34. Kxg2 Nc8 35. Bd1 Nb6
36. Rxa5 Qb7 37. Be3 Nxd5 38. exd5 Qxd5+ 39. Kg1 h4 40. b6 Qc6 41. Qd2 1-0

[Event "45th Olympiad 2024"]
[Site "Budapest HUN"]
[Date "2024.09.15"]
[Round "5.8"]
[Board "4"]
[White "Iordachescu, Viorel"]
[Black "Vokhidov, Shamsiddin"]
[Result "0-1"]
[WhiteTitle "GM"]
[BlackTitle "GM"]
[WhiteElo "2572"]
[BlackElo "2650"]
[WhiteTeam "Moldova"]
[BlackTeam "Uzbekistan"]
[WhiteFideId "13900200"]
[BlackFideId "14204223"]
[EventDate "2024.09.11"]

1. d4 Nf6 2. c4 e6 3. Nf3 d5 4. g3 Bb4+ 5. Bd2 a5 6. Qc1 O-O 7. Bg2 Be7 8. O-O
c6 9. Rd1 Nbd7 10. Bf4 h6 11. Nc3 a4 12. Ne5 g5 13. Nxd7 Nxd7 14. Bd2 dxc4 15.
a3 Ra6 16. f4 f5 17. fxg5 hxg5 18. e4 c5 19. exf5 cxd4 20. Ne4 b5 21. fxe6 Rxe6
22. Nxg5 Re5 23. h4 Qb6 24. Bf4 d3+ 25. Kh1 Bxg5 26. Bxg5 Bb7 27. Rd2 Re2 28.
Rxe2 dxe2 29. Bf4 Re8 30. Bd2 Bxg2+ 31. Kxg2 Qc6+ 32. Kg1 Ne5 33. Qc3 Qe4 34.
Be3 Nd3 35. Bd2 e1=Q+ 36. Bxe1 Nxe1 0-1

[Event "45th Olympiad 2024"]
[Site "Budapest HUN"]
[Date "2024.09.15"]
[Round "5.9"]
[Board "1"]
[White "Albornoz Cabrera, Carlos Daniel"]
[Black "Giri, Anish"]
[Result "1/2-1/2"]
[WhiteTitle "GM"]
[BlackTitle "GM"]
[WhiteElo "2579"]
[BlackElo "2724"]
[WhiteTeam "Cuba"]
[BlackTeam "Netherlands"]
[WhiteFideId "3518736"]
[BlackFideId "24116068"]
[EventDate "2024.09.11"]

1. e4 c6 2. d4 d5 3. e5 Bf5 4. Nf3 e6 5. Be2 c5 6. Be3 Qb6 7. Nc3 c4 8. Qc1 Bb4
9. O-O Bxc3 10. bxc3 Bg4 11. a4 Nc6 12. Qe1 O-O-O 13. Ng5 Bxe2 14. Qxe2 Qc7 15.
Bc1 h6 16. Nh3 Nge7 17. Nf4 g6 18. Qf3 Kb8 19. Ba3 Ka8 20. Ne2 Nf5 21. Rfb1 Rd7
22. Ng3 Ng7 23. Rb5 Qd8 24. Rab1 h5 25. Nf1 Nf5 26. Ne3 Nh4 27. Qg3 g5 28. f4
gxf4 29. Qxf4 Ng6 30. Qf3 Nh4 31. Qf4 Ng6 32. Qf3 Nh4 1/2-1/2

[Event "45th Olympiad 2024"]
[Site "Budapest HUN"]
[Date "2024.09.15"]
[Round "5.9"]
[Board "2"]
[White "Van Foreest, Jorden"]
[Black "Quesada Perez, Luis Ernesto"]
[Result "1-0"]
[WhiteTitle "GM"]
[BlackTitle "GM"]
[WhiteElo "2696"]
[BlackElo "2578"]
[WhiteTeam "Netherlands"]
[BlackTeam "Cuba"]
[WhiteFideId "1039784"]
[BlackFideId "3520773"]
[EventDate "2024.09.11"]

1. e4 e5 2. Nf3 Nc6 3. Bc4 Bc5 4. c3 Nf6 5. d3 d6 6. O-O a6 7. a4 Ba7 8. Re1 O-O
9. h3 h6 10. Nbd2 Re8 11. Nf1 Be6 12. Bxe6 Rxe6 13. g4 d5 14. Qe2 Qd7 15. Ng3
dxe4 16. dxe4 Rd8 17. g5 hxg5 18. Bxg5 Qd3 19. Kf1 Kf8 20. h4 Rd7 21. Qxd3 Rxd3
22. Ke2 Rd7 23. Rg1 Na5 24. Bxf6 Rxf6 25. Nh5 Rfd6 26. Rxg7 Nb3 27. Rag1 Rd2+
28. Nxd2 Rxd2+ 29. Kf3 Rxf2+ 30. Kg3 Nd2 31. Kh3 Nxe4 32. R7g2 Rf3+ 33. Kg4 Re3
34. Rf1 Ke7 35. Ng3 Ke6 36. h5 Nf6+ 37. Kg5 Nh7+ 38. Kh4 Bc5 39. Nf5 Re4+ 40.
Kh3 Bf8 41. h6 Rxa4 42. Rg8 Rf4 43. Ng7+ 1-0

[Event "45th Olympiad 2024"]
[Site "Budapest HUN"]
[Date "2024.09.15"]
[Round "5.9"]
[Board "3"]
[White "Berdayes Ason, Dylan Isidro"]
[Black "Warmerdam, Max"]
[Result "1/2-1/2"]
[WhiteTitle "GM"]
[BlackTitle "GM"]
[WhiteElo "2474"]
[BlackElo "2679"]
[WhiteTeam "Cuba"]
[BlackTeam "Netherlands"]
[WhiteFideId "3516016"]
[BlackFideId "1048104"]
[EventDate "2024.09.11"]

1. d4 Nf6 2. c4 g6 3. Nc3 Bg7 4. e4 d6 5. h3 O-O 6. Be3 Na6 7. g4 c6 8. f3 Rb8
9. Qd2 Nc7 10. Nge2 b5 11. cxb5 Nxb5 12. Nxb5 Rxb5 13. Rc1 Rb6 14. Nc3 a5 15. b3
Rb4 16. Be2 Qb6 17. Na4 Qb7 18. Kf2 Bd7 19. Nc3 Ra8 20. Rc2 Qb8 21. Kg2 Bc8 22.
Rhc1 Bd7 23. Na4 Ne8 24. Rc4 Rb5 25. R4c2 Rb4 26. Rc4 Rxc4 27. Bxc4 Nc7 28. Be2
Qb7 29. Rc2 Nb5 30. Rc1 Nc7 31. Rc2 Nb5 32. Rc1 1/2-1/2

[Event "45th Olympiad 2024"]
[Site "Budapest HUN"]
[Date "2024.09.15"]
[Round "5.9"]
[Board "4"]
[White "L'Ami, Erwin"]
[Black "Miranda Mesa, Elier"]
[Result "1-0"]
[WhiteTitle "GM"]
[BlackTitle "GM"]
[WhiteElo "2628"]
[BlackElo "2512"]
[WhiteTeam "Netherlands"]
[BlackTeam "Cuba"]
[WhiteFideId "1007998"]
[BlackFideId "3510697"]
[EventDate "2024.09.11"]

1. d4 d5 2. c4 c6 3. Nf3 Nf6 4. Nc3 dxc4 5. a4 Bf5 6. Ne5 Nbd7 7. Nxc4 Qc7 8.
Qd2 g6 9. Qf4 Qxf4 10. Bxf4 Nb6 11. Nxb6 axb6 12. Be5 b5 13. e4 Bd7 14. Bd3 Bg7
15. O-O b4 16. Na2 Rxa4 17. Nxb4 Rxa1 18. Rxa1 O-O 19. f3 Bc8 20. Ra5 Bh6 21.
Nc2 Nd7 22. Bc7 Re8 23. f4 Nf8 24. g3 Bg7 25. Kf2 Be6 26. Ra7 Bc8 27. e5 f6 28.
Bc4+ Be6 29. Bd3 Bc8 30. Ne3 g5 31. f5 e6 32. Ng4 exf5 33. Nxf6+ Bxf6 34. exf6
Ng6 35. h4 gxh4 36. gxh4 h5 37. Be5 Kf8 38. Ra8 Bd7 39. Rxe8+ Bxe8 40. Kg3 c5
41. Bd6+ Kf7 42. dxc5 Kxf6 43. b4 Ne5 44. Bf1 Bc6 45. Be2 Be8 46. b5 Bd7 47. b6
Nf7 48. Bc7 Ne5 49. Bxh5 Ng4 50. Kf4 Bc8 51. Bd8+ Kg7 52. Be8 1-0

[Event "45th Olympiad 2024"]
[Site "Budapest HUN"]
[Date "2024.09.15"]
[Round "5.10"]
[Board "1"]
[White "Kadric, Denis"]
[Black "Keymer, Vincent"]
[Result "1-0"]
[WhiteTitle "GM"]
[BlackTitle "GM"]
[WhiteElo "2553"]
[BlackElo "2730"]
[WhiteTeam "Montenegro"]
[BlackTeam "Germany"]
[WhiteFideId "14403803"]
[BlackFideId "12940690"]
[EventDate "2024.09.11"]

1. e4 e5 2. Nf3 Nc6 3. Bc4 Nf6 4. d3 Bc5 5. c3 a6 6. O-O d6 7. Nbd2 O-O 8. h3
Ba7 9. Bb3 Be6 10. Re1 Bxb3 11. Qxb3 Qd7 12. Nf1 h6 13. Ng3 Rab8 14. Be3 Bxe3
15. Rxe3 Nh7 16. d4 Ng5 17. Rd1 g6 18. Nh4 Na5 19. Qd5 Qa4 20. b3 Qxa2 21. Ree1
c6 22. Qxd6 Qxb3 23. Qxe5 b6 24. Ngf5 gxf5 25. Nxf5 f6 26. Qg3 Kh8 27. h4 Ne6
28. Qg6 Rb7 29. d5 Ng7 30. Qxh6+ Kg8 31. Rd3 Nxf5 32. exf5 Rg7 33. Re7 Rff7 34.
Re8+ Rf8 35. Rg3 1-0

[Event "45th Olympiad 2024"]
[Site "Budapest HUN"]
[Date "2024.09.15"]
[Round "5.10"]
[Board "2"]
[White "Kollars, Dmitrij"]
[Black "Petrov, Nikita"]
[Result "1/2-1/2"]
[WhiteTitle "GM"]
[BlackTitle "GM"]
[WhiteElo "2659"]
[BlackElo "2574"]
[WhiteTeam "Germany"]
[BlackTeam "Montenegro"]
[WhiteFideId "12909572"]
[BlackFideId "4101286"]
[EventDate "2024.09.11"]

1. e4 c5 2. Nf3 Nc6 3. d4 cxd4 4. Nxd4 e6 5. Nc3 a6 6. a3 Be7 7. Be3 Nf6 8. f4
d6 9. Qd2 O-O 10. O-O-O Bd7 11. Be2 Nxd4 12. Qxd4 Bc6 13. g4 d5 14. e5 Nd7 15.
Rhg1 b5 16. g5 Qb8 17. Rg3 a5 18. b4 axb4 19. axb4 Bd8 20. Qd3 Be7 21. Qd4 Bd8
22. Qd3 Be7 23. Qd4 1/2-1/2

[Event "45th Olympiad 2024"]
[Site "Budapest HUN"]
[Date "2024.09.15"]
[Round "5.10"]
[Board "4"]
[White "Svane, Frederik"]
[Black "Draskovic, Luka"]
[Result "1/2-1/2"]
[WhiteTitle "GM"]
[BlackTitle "GM"]
[WhiteElo "2640"]
[BlackElo "2497"]
[WhiteTeam "Germany"]
[BlackTeam "Montenegro"]
[WhiteFideId "12923044"]
[BlackFideId "944335"]
[EventDate "2024.09.11"]

1. e4 e5 2. Nf3 Nc6 3. Bb5 a6 4. Ba4 Nge7 5. c3 Ng6 6. d4 exd4 7. cxd4 Bb4+ 8.
Nc3 d5 9. O-O dxe4 10. Nxe4 O-O 11. a3 Be7 12. h3 Be6 13. Re1 Bd5 14. Nc3 Bxf3
15. Qxf3 Qxd4 16. Bxc6 bxc6 17. Qxc6 Bd6 18. Re4 Qf6 19. Qc4 Rae8 20. Be3 Rxe4
21. Qxe4 Rb8 22. Bd4 Qf4 23. g3 Qh6 24. h4 Nf8 25. b4 Ne6 26. Be3 Qg6 27. Qxg6
hxg6 28. Ne4 Be7 29. Rc1 Ra8 30. Ng5 Bxg5 31. hxg5 Kf8 32. Kg2 Ke7 33. f4 Rd8
34. Kf3 Rd3 35. a4 Kd7 36. g4 Ra3 37. a5 f5 38. gxf6 gxf6 39. Rd1+ Kc6 40. f5
gxf5 41. gxf5 Ng7 42. Rc1+ Kd7 43. Rd1+ Kc6 44. Kf4 Nh5+ 45. Kf3 Ng7 1/2-1/2

[Event "45th Olympiad 2024"]
[Site "Budapest HUN"]
[Date "2024.09.15"]
[Round "5.11"]
[Board "1"]
[White "Vitiugov, Nikita"]
[Black "Kuybokarov, Temur"]
[Result "1/2-1/2"]
[WhiteTitle "GM"]
[BlackTitle "GM"]
[WhiteElo "2676"]
[BlackElo "2562"]
[WhiteTeam "England"]
[BlackTeam "Australia"]
[WhiteFideId "4152956"]
[BlackFideId "14203049"]
[EventDate "2024.09.11"]

1. e4 e5 2. Nf3 Nc6 3. Bb5 a6 4. Ba4 Nf6 5. d3 b5 6. Bb3 Bc5 7. c3 d6 8. Bg5 h6
9. Bh4 g5 10. Bg3 Bb6 11. a4 Bd7 12. Nbd2 Rb8 13. axb5 axb5 14. O-O O-O 15. Re1
Re8 16. Nf1 Qe7 17. d4 Qf8 18. Qd3 Rbd8 19. Rad1 Qg7 20. dxe5 Nxe5 21. Nxe5 dxe5
22. Ne3 c6 23. Qc2 Nh5 24. Rd6 Bc5 25. Rd2 Bc8 26. Red1 Rxd2 27. Qxd2 Nxg3 28.
hxg3 g4 29. Ba2 Qg5 30. Nf5 Qxd2 31. Rxd2 Bxf5 32. exf5 Kg7 33. Kf1 b4 34. Rd7
Re7 35. Rxe7 1/2-1/2

[Event "45th Olympiad 2024"]
[Site "Budapest HUN"]
[Date "2024.09.15"]
[Round "5.11"]
[Board "3"]
[White "Adams, Michael"]
[Black "Sardana, Rishi"]
[Result "1-0"]
[WhiteTitle "GM"]
[BlackTitle "IM"]
[WhiteElo "2661"]
[BlackElo "2477"]
[WhiteTeam "England"]
[BlackTeam "Australia"]
[WhiteFideId "400041"]
[BlackFideId "25004301"]
[EventDate "2024.09.11"]

1. e4 c5 2. Nf3 d6 3. d4 cxd4 4. Nxd4 Nf6 5. Nc3 a6 6. g3 e5 7. Nb3 Be7 8. Bg2
O-O 9. O-O Be6 10. a4 Nbd7 11. Re1 Qc7 12. Nd2 Qc5 13. Nf1 Bd8 14. Ne3 Bb6 15.
Ncd5 Bxd5 16. exd5 e4 17. Bd2 Ne5 18. a5 Ba7 19. Ra4 Qb5 20. b3 Qd7 21. Bxe4
Nxe4 22. Rxe4 f5 23. Ra4 f4 24. gxf4 Ng6 25. Ng2 Qh3 26. Be3 Rf5 27. Bxa7 Rh5
28. Kf1 Rxa7 29. Re3 Qf5 30. Qd3 Qxd5 31. Qxd5+ Rxd5 32. Re8+ Kf7 33. Rc8 Rd1+
34. Ke2 Rh1 35. Rc7+ Kf6 36. Rd4 d5 37. Rxd5 Rxh2 38. Rd6+ Kf5 39. Rc5+ Kg4 40.
Rg5+ Kh3 41. Rg3# 1-0

[Event "45th Olympiad 2024"]
[Site "Budapest HUN"]
[Date "2024.09.15"]
[Round "5.11"]
[Board "4"]
[White "Zhao, Zong-Yuan"]
[Black "Jones, Gawain C B"]
[Result "0-1"]
[WhiteTitle "GM"]
[BlackTitle "GM"]
[WhiteElo "2478"]
[BlackElo "2646"]
[WhiteTeam "Australia"]
[BlackTeam "England"]
[WhiteFideId "3202534"]
[BlackFideId "409561"]
[EventDate "2024.09.11"]

1. d4 Nf6 2. Nf3 g6 3. Nbd2 Bg7 4. e4 O-O 5. c3 d6 6. Bd3 Nc6 7. O-O e5 8. Re1
a5 9. dxe5 Nxe5 10. Nxe5 dxe5 11. Nc4 Qe7 12. a4 Rd8 13. Qc2 b6 14. Bf1 Bb7 15.
f3 Nh5 16. Be3 Nf4 17. Red1 h5 18. Rxd8+ Rxd8 19. Rd1 Rxd1 20. Qxd1 Ne6 21. Na3
h4 22. Nb5 Bf6 23. Qd2 Bg5 24. Bxg5 Nxg5 25. Be2 h3 26. g3 Bxe4 27. Qe3 Bb7 28.
f4 Ne4 29. Bf3 c5 30. Bg4 exf4 31. gxf4 Qd8 32. Bf3 Nf6 33. f5 Bxf3 34. Qxf3
gxf5 35. Qxh3 Ng4 36. Qf3 Qd2 37. h3 Qe1+ 38. Qf1 Qe3+ 39. Kh1 Nf2+ 40. Kh2 Kf8
41. Qg2 Ne4 42. Na3 Nd2 43. Nc2 Nf3+ 44. Kg3 f4+ 45. Kg4 Qe4 0-1

[Event "45th Olympiad 2024"]
[Site "Budapest HUN"]
[Date "2024.09.15"]
[Round "5.12"]
[Board "1"]
[White "Vachier-Lagrave, Maxime"]
[Black "Bogner, Sebastian"]
[Result "1-0"]
[WhiteTitle "GM"]
[BlackTitle "GM"]
[WhiteElo "2731"]
[BlackElo "2545"]
[WhiteTeam "France"]
[BlackTeam "Switzerland"]
[WhiteFideId "623539"]
[BlackFideId "4692055"]
[EventDate "2024.09.11"]

1. e4 e5 2. Nf3 Nf6 3. Nc3 Nc6 4. Bb5 Nd4 5. O-O Nxb5 6. Nxb5 c6 7. Nc3 d6 8. d4
Qc7 9. Bg5 Be7 10. a4 O-O 11. h3 Re8 12. Bxf6 Bxf6 13. d5 Bd7 14. Qd3 Rac8 15.
Rfd1 Be7 16. dxc6 Bxc6 17. Nd2 a6 18. Nf1 b5 19. axb5 axb5 20. Ne3 Qb7 21. b4 g6
22. Ned5 Bg5 23. Ra5 Rb8 24. Rda1 Qd7 25. Qg3 Bd8 26. Ra7 Qe6 27. Qd3 Rf8 28.
R1a6 Qc8 29. g3 Kg7 30. h4 Rb7 31. h5 Rxa7 32. Rxa7 Qg4 33. Ra6 Bxd5 34. Qxd5
Qxh5 35. Nxb5 Qe2 36. Rxd6 Qe1+ 37. Kg2 Qxb4 38. Rd7 Be7 39. Qxe5+ Bf6 40. Qd5
Be7 41. Nd4 Re8 42. Nc6 1-0

[Event "45th Olympiad 2024"]
[Site "Budapest HUN"]
[Date "2024.09.15"]
[Round "5.12"]
[Board "2"]
[White "Pelletier, Yannick"]
[Black "Bacrot, Etienne"]
[Result "1/2-1/2"]
[WhiteTitle "GM"]
[BlackTitle "GM"]
[WhiteElo "2526"]
[BlackElo "2665"]
[WhiteTeam "Switzerland"]
[BlackTeam "France"]
[WhiteFideId "1301837"]
[BlackFideId "605506"]
[EventDate "2024.09.11"]

1. c4 e5 2. g3 Nf6 3. Bg2 c6 4. Nf3 e4 5. Nd4 Qb6 6. Nb3 a5 7. d3 a4 8. N3d2 Bc5
9. O-O e3 10. fxe3 Bxe3+ 11. Kh1 Ng4 12. Ne4 O-O 13. Nbc3 d5 14. cxd5 Bxc1 15.
Qxc1 Ne3 16. Rf3 Nxd5 17. Qd2 a3 18. Rb1 Nxc3 19. Nxc3 axb2 20. Rxb2 Qa5 21. Rf4
Qa3 22. Rfb4 Na6 23. Rb6 Qe7 24. d4 Rd8 25. e4 Nc5 26. R6b4 Ra3 27. Qc2 Na6 28.
Rc4 Be6 29. Ra4 Rxa4 30. Qxa4 c5 31. d5 Bc8 1/2-1/2

[Event "45th Olympiad 2024"]
[Site "Budapest HUN"]
[Date "2024.09.15"]
[Round "5.12"]
[Board "3"]
[White "Maurizzi, Marc'Andria"]
[Black "Peng, Li Min"]
[Result "1-0"]
[WhiteTitle "GM"]
[BlackTitle "GM"]
[WhiteElo "2595"]
[BlackElo "2514"]
[WhiteTeam "France"]
[BlackTeam "Switzerland"]
[WhiteFideId "36083534"]
[BlackFideId "14112620"]
[EventDate "2024.09.11"]

1. e4 c5 2. Nf3 d6 3. Bb5+ Bd7 4. Bxd7+ Nxd7 5. c3 Ngf6 6. Qe2 e6 7. d4 cxd4 8.
cxd4 d5 9. e5 Bb4+ 10. Bd2 Bxd2+ 11. Nbxd2 Ng8 12. O-O Ne7 13. h4 Qb6 14. Rfd1
Rc8 15. Nf1 O-O 16. Ne3 f6 17. exf6 Nxf6 18. Rac1 Ne4 19. Rxc8 Nxc8 20. Ng4 Ncd6
21. Nge5 Qc7 22. Re1 Nf5 23. Qd3 Rc8 24. g3 Qc2 25. Re2 Qxd3 26. Nxd3 Rc4 27.
Nf4 Nxd4 28. Nxd4 Rxd4 29. Nxe6 Ra4 30. a3 Kf7 31. Nd8+ Kf6 32. Nxb7 Rd4 33. Na5
a6 34. Kg2 Rd2 35. Rxd2 Nxd2 36. f3 Ke5 37. Kf2 Kd4 38. Ke2 Nc4 39. Nxc4 Kxc4
40. g4 a5 41. a4 Kb3 42. f4 Kxa4 43. f5 Kb5 44. g5 Kc5 45. h5 Kd6 46. f6 1-0

[Event "45th Olympiad 2024"]
[Site "Budapest HUN"]
[Date "2024.09.15"]
[Round "5.13"]
[Board "1"]
[White "Supi, Luis Paulo"]
[Black "Predke, Alexandr"]
[Result "0-1"]
[WhiteTitle "GM"]
[BlackTitle "GM"]
[WhiteElo "2570"]
[BlackElo "2671"]
[WhiteTeam "Brazil"]
[BlackTeam "Serbia"]
[WhiteFideId "2106388"]
[BlackFideId "24107581"]
[EventDate "2024.09.11"]

1. e4 e5 2. Nf3 Nc6 3. Bc4 Nf6 4. d3 Bc5 5. a3 O-O 6. Nc3 a5 7. h3 d6 8. Bg5 h6
9. Bh4 Be6 10. Nd2 Nd4 11. Nd5 Bxd5 12. exd5 b5 13. Ba2 Nf5 14. Bxf6 Qxf6 15.
Ne4 Qg6 16. Qg4 Bb6 17. Qxg6 fxg6 18. h4 Ne7 19. Ke2 Kh7 20. Raf1 Ng8 21. c3 Nf6
22. f3 Kg8 23. Ra1 Nh5 24. g3 Nf6 25. a4 Nxe4 26. dxe4 bxa4 27. Bc4 g5 28. hxg5
hxg5 29. g4 Kf7 30. Kf1 Rh8 31. Rxh8 Rxh8 32. Kg2 Be3 33. Rxa4 Bf4 34. Rxa5 Rh2+
35. Kf1 Be3 36. Be2 Rh1+ 37. Kg2 Rg1+ 38. Kh2 Rc1 39. Kg2 Rc2 40. Kf1 Rxb2 41.
Rb5 Rc2 42. Rb3 Rc1+ 43. Kg2 Rg1+ 44. Kh2 Re1 45. Bb5 Rc1 46. Rb2 Rxc3 47. Kg2
Ra3 48. Rc2 Bb6 49. Bc4 Ra4 50. Bb5 Ra1 51. Bc4 Rg1+ 52. Kh2 Rb1 53. Kg2 Ke7 54.
Bd3 Rg1+ 55. Kh2 Ra1 56. Bc4 Rb1 57. Ba2 Rf1 58. Kg2 Rg1+ 59. Kh2 Kd7 60. Bb3
Kc8 61. Bc4 Rb1 62. Ra2 Kb7 63. Ba6+ Kb8 64. Bc4 Bd4 65. Ba6 Rc1 66. Kg2 Ka7 67.
Bd3+ Kb7 68. Rc2 Rg1+ 69. Kh2 Ra1 70. Kg2 Rg1+ 71. Kh2 Rd1 72. Be2 Rb1 73. Kg2
Bc5 74. Bd3 Rg1+ 75. Kh2 Rd1 76. Rb2+ Ka7 77. Ra2+ Kb7 78. Rb2+ Bb6 79. Bb5 Ra1
80. Bc6+ Ka6 81. Kg2 Bd4 82. Rc2 Ka5 83. Be8 Bb6 84. Rb2 Rg1+ 85. Kh2 Rc1 86.
Rb5+ Ka6 87. Rb2 Bd4 88. Ra2+ Kb6 89. Kg2 Kc5 90. Ra5+ Kc4 91. Ra2 Kb3 92. Re2
g6 93. Bb5 Ra1 94. Kg3 Kb4 95. Be8 Kc3 96. Kg2 Ra5 97. Bd7 Kd3 98. Kf1 Ra1+ 99.
Re1 Rxe1+ 100. Kxe1 Ke3 101. Be8 Kxf3 102. Bxg6 Kxg4 103. Ke2 Kf4 104. Kf1 Kf3 0-1

[Event "45th Olympiad 2024"]
[Site "Budapest HUN"]
[Date "2024.09.15"]
[Round "5.13"]
[Board "2"]
[White "Sarana, Alexey"]
[Black "Fier, Alexandr"]
[Result "1-0"]
[WhiteTitle "GM"]
[BlackTitle "GM"]
[WhiteElo "2713"]
[BlackElo "2551"]
[WhiteTeam "Serbia"]
[BlackTeam "Brazil"]
[WhiteFideId "24133795"]
[BlackFideId "2107139"]
[EventDate "2024.09.11"]

1. d4 d5 2. c4 c6 3. Nf3 Nf6 4. Nc3 e6 5. e3 Nbd7 6. Bd3 dxc4 7. Bxc4 Bd6 8. Qc2
O-O 9. O-O e5 10. a3 Qe7 11. h3 e4 12. Ng5 Nb6 13. Ba2 Bf5 14. f3 Nbd5 15. Ngxe4
Nxc3 16. Nxf6+ Qxf6 17. Qxc3 c5 18. dxc5 Be5 19. Qe1 Qg6 20. f4 Be4 21. Qf2 Bf6
22. f5 Qh6 23. Bb1 Rfe8 24. Bxe4 Rxe4 25. Ra2 Rae8 26. b4 Bg5 27. Re2 Qc6 28.
Rd1 a5 29. Qe1 axb4 30. axb4 Qb5 31. Bd2 h6 32. Kh1 R8e5 33. Bc3 Rxf5 34. Qd2
Qc4 35. Qc2 Qe6 36. Bd4 Bh4 37. b5 Bg3 38. c6 bxc6 39. Qxc6 Rd5 40. Red2 Rd6 41.
Qa8+ Kh7 42. Bxg7 Rh4 43. Qh8+ Kg6 44. Rxd6 Bxd6 45. Rxd6 Qxd6 46. Bd4 Kf5 47.
b6 Rxh3+ 48. gxh3 Qc6+ 49. Kh2 1-0

[Event "45th Olympiad 2024"]
[Site "Budapest HUN"]
[Date "2024.09.15"]
[Round "5.13"]
[Board "3"]
[White "Quintiliano, Renato R."]
[Black "Markus, Robert"]
[Result "1-0"]
[WhiteTitle "GM"]
[BlackTitle "GM"]
[WhiteElo "2499"]
[BlackElo "2586"]
[WhiteTeam "Brazil"]
[BlackTeam "Serbia"]
[WhiteFideId "2117568"]
[BlackFideId "921637"]
[EventDate "2024.09.11"]

1. d4 Nf6 2. c4 d6 3. Nf3 Nbd7 4. Nc3 e5 5. e4 g6 6. Be2 Bg7 7. O-O O-O 8. Be3
h6 9. dxe5 dxe5 10. h3 c6 11. Qc2 Qe7 12. Rad1 Nc5 13. Rfe1 Nh7 14. Qd2 h5 15.
Qd6 Qxd6 16. Rxd6 Ne6 17. c5 Re8 18. Bc4 Nhf8 19. Red1 Re7 20. Nh4 Rc7 21. g3
Nd4 22. Nxg6 Nxg6 23. Rxg6 Kh7 24. Rd6 Bxh3 25. Bxd4 exd4 26. Ne2 Re8 27. Nxd4
Kg8 28. Nf5 Rxe4 29. Rd8+ Bf8 30. Nd6 Re5 31. b4 Rce7 32. Rd4 b6 33. Rf4 Be6 34.
Bxe6 R5xe6 35. Rc8 bxc5 36. bxc5 Rd7 37. Ne8 Rd1+ 38. Kg2 Re5 39. Nd6 Re7 40.
Rb4 1-0